000 00664cam a2200229 4500500
005 20260329003000.0
041 _afre
042 _adc
100 1 0 _aLacroix, Alexandre
_eauthor
245 0 0 _aParc zoologique de Paris : de la cage aux « biozones »
260 _c2014.
500 _a89
690 _aBiozone
690 _aContrôle
690 _aDeleuze
690 _aDiscipline
690 _aPanoptique
690 _aSurveillance
690 _aZoo
786 0 _nPhilosophie magazine | 80 | 6 | 2014-06-01 | p. 2-2 | 1951-1787
856 4 1 _uhttps://shs.cairn.info/magazine-philosophie-magazine-2014-6-page-2?lang=fr&redirect-ssocas=7080
999 _c1820269
_d1820269